| 000 | 00354nam a2200133Ia 4500 | ||
|---|---|---|---|
| 005 | 20260328101445.0 | ||
| 008 | 260328s9999||||xx |||||||||||||| ||und|| | ||
| 100 | _aHamlyn, Paul | ||
| 245 | 4 |
_aThe Art and Architecture of Mexico : _b From 10,000 BC to the present day / _cPaul Hamlyn |
|
| 260 | _bHamlyn | ||
| 300 | _a146 p. | ||
| 650 | _aARTE | ||
| 942 | _cBK | ||
| 999 |
_c8422 _d8422 |
||